header

TV formats worldwide (Record no. 104749)

MARC details
000 -LEADER
fixed length control field 01059nam a2200277Ia 4500
245 00 - TITLE STATEMENT
Title TV formats worldwide
260 ## - PUBLICATION, DISTRIBUTION, ETC. (IMPRINT)
Place of publication Bristol :
Name of publisher Intellect Books,
Year of publication 2009.
300 ## - PHYSICAL DESCRIPTION
Number of Pages 250 p.
650 #0 - SUBJECT ADDED ENTRY--TOPICAL TERM
Topical Term Television broadcasting.
Topical Term Television programs.
700 1# - ADDED ENTRY--PERSONAL NAME
Personal name Moran, Albert.
856 40 - ELECTRONIC LOCATION AND ACCESS
Uniform Resource Identifier http://site.ebrary.com/lib/rucke/Doc?id=10359322

No items available.

© 2026 Rongo University
Contact us: librarian | system librarian | Rongo university